| 000 | 01026nam a2200277 i 4500 | ||
|---|---|---|---|
| 001 | bg | ||
| 100 | 1 | _aHANNESSON, Rögnvaldur . | |
| 245 | 1 | 0 |
_aFisheries mismanagement : _bthe case of the North Atlantic cod / _cRögnvaldur Hannesson. |
| 260 |
_aOxford : _bFishing News Books, _c1996. |
||
| 300 |
_aVII, 160 s. : _b1 mapa, wykr. ; _c24 cm. |
||
| 504 | _aBibliogr. - Indeks. | ||
| 650 | 9 |
_aRybołówstwo morskie _xkontrola _zNorwegia |
|
| 650 | 9 |
_aRybołówstwo morskie _xkontrola _zIslandia |
|
| 650 | 9 |
_aRybołówstwo morskie _xkontrola _zWyspy Owcze |
|
| 650 | 9 |
_aRybołówstwo morskie _xkontrola _zNowa Fundlandia |
|
| 650 | 9 |
_aRybołówstwo morskie _xkontrola _xUnia Europejska |
|
| 650 | 9 |
_aRyby morskie _zOcean Atlantycki |
|
| 020 | _a085238243X | ||
| 040 | _cBPK | ||
| 041 | 0 | _aen | |
| 080 | _a338.4(26):639.22(261) | ||
| 920 | _a0-85238-243-X | ||
| 942 | _cKS | ||
| 008 | s pl f |000 0 pol | ||
| 999 |
_c40743 _d40743 |
||
| 856 |
_uhttp://koha.tu.koszalin.pl/cgi-bin/koha/opac-detail.pl?biblionumber=40743 _yKatalog online BPK |
||